Jahāngushā-yi Nādirī, (Record no. 50067)

MARC details
000 -LEADER
fixed length control field 00781cam a22002411 4500
001 - CONTROL NUMBER
control field ne 68000496
003 - CONTROL NUMBER IDENTIFIER
control field DLC
005 - DATE AND TIME OF LATEST TRANSACTION
control field 20260227111838.0
008 - FIXED-LENGTH DATA ELEMENTS--GENERAL INFORMATION
fixed length control field 910222s1962 ir c b 000 0 perr
010 ## - LIBRARY OF CONGRESS CONTROL NUMBER
LC control number ne 68000496
035 ## - SYSTEM CONTROL NUMBER
System control number (OCoLC)23139021
040 ## - CATALOGING SOURCE
Original cataloging agency DLC
Transcribing agency CU
Modifying agency CU
-- DLC
042 ## - AUTHENTICATION CODE
Authentication code premarc
050 00 - LIBRARY OF CONGRESS CALL NUMBER
Classification number DS294
Item number .M312
100 0# - MAIN ENTRY--PERSONAL NAME
Personal name Mahdī Khān Astarābādī,
Dates associated with a name active 1733-1759.
240 10 - UNIFORM TITLE
Uniform title Tārīkh-i Nādirī
245 10 - TITLE STATEMENT
Title Jahāngushā-yi Nādirī,
Statement of responsibility, etc. taʼlīf-i Mīrzā Mahdī khān Astar Ābādī. Bi-ihtimām-i Sayyid ʻAbd Allāh Anvār.
260 ## - PUBLICATION, DISTRIBUTION, ETC.
Place of publication, distribution, etc. Tihrān,
Date of publication, distribution, etc. 1341 [1962 or 3]
300 ## - PHYSICAL DESCRIPTION
Extent 32, 860 p.
Other physical details ports.
Dimensions 25 cm.
504 ## - BIBLIOGRAPHY, ETC. NOTE
Bibliography, etc. note Bibliographical footnotes.
600 00 - SUBJECT ADDED ENTRY--PERSONAL NAME
Personal name Nādir Shāh,
Titles and other words associated with a name Shah of Iran,
Dates associated with a name 1688-1747.
700 1# - ADDED ENTRY--PERSONAL NAME
Personal name Anvār, ʻAbd Allāh.

No items available.

Powered by Koha